[Event "BL2-Ost 0203"]
[Site "Germany"]
[Date "2002.12.15"]
[Round "3.6"]
[White "Treppner, Gerd"]
[Black "Rupp, Markus"]
[Result "1/2-1/2"]
[WhiteElo "2333"]
[BlackElo "2234"]
[PlyCount "54"]
[EventDate "2002.10.20"]
[EventType "team-tourn"]
[EventRounds "9"]
[EventCountry "GER"]
[SourceTitle "EXT 2004"]
[Source "ChessBase"]
[SourceDate "2003.11.25"]
[SourceVersion "1"]
[SourceVersionDate "2003.11.25"]
[SourceQuality "1"]
[WhiteTeam "Schott Mainz"]
[BlackTeam "Wuerzburg"]
[WhiteTeamCountry "GER"]
[BlackTeamCountry "GER"]

1. c4 Nf6 2. Nc3 c5 3. Nf3 b6 4. e4 d6 5. d4 cxd4 6. Nxd4 Bb7 7. Qe2 e6 8. g3 Be7 9. Bg2 0-0 10. 0-0 a6 11. e5 Bxg2 12. exf6 Bxf1 13. fxe7 Bxe2 14. exd8Q Rxd8 15. Ndxe2 Nc6 16. Bf4 f6 17. b3 Rab8 18. Rd1 e5 19. Be3 b5 20. cxb5 axb5 21. Nd5 Kf7 22. b4 Rdc8 23. a3 Ne7 24. Ndc3 Rc6 25. Kg2 h6 26. g4 Rc4 27. h3 Ke6 1/2-1/2

[Event "BL2-Ost 9899"]
[Site "Germany"]
[Date "1998.10.18"]
[Round "1.5"]
[White "Treppner, Gerd"]
[Black "Assmann, Thomas"]
[Result "0-1"]
[WhiteElo "2320"]
[BlackElo "2345"]
[PlyCount "76"]
[EventDate "1998.10.18"]
[EventType "team-tourn"]
[EventRounds "9"]
[EventCountry "GER"]
[SourceTitle "GER-chT2"]
[Source "ChessBase"]
[SourceDate "1999.07.01"]
[SourceVersion "1"]
[SourceVersionDate "1999.07.01"]
[SourceQuality "1"]
[WhiteTeam "Schott Mainz"]
[BlackTeam "Hofheim"]
[WhiteTeamCountry "GER"]
[BlackTeamCountry "GER"]

1. d4 Nf6 2. Bg5 Ne4 3. Bf4 d5 4. f3 Nf6 5. Nc3 e6 6. e4 c5 7. Nb5 Na6 8. e5 Nd7 9. c3 Nab8 10. c4 a6 11. Nd6+ Bxd6 12. exd6 Qb6 13. Be3 dxc4 14. dxc5 Nxc5 15. Qd4 Nd3+ 16. Bxd3 Qxd4 17. Bxd4 cxd3 18. 0-0-0 f6 19. Rxd3 e5 20. Bc3 Bf5 21. Rd2 Nd7 22. Ne2 Nc5 23. Rhd1 Kd7 24. b3 Rac8 25. Kb2 Rc6 26. Ng3 Bg6 27. Nf1 Rhc8 28. Ne3 Na4+ 29. bxa4 Rxc3 30. Nd5 Rc2+ 31. Rxc2 Rxc2+ 32. Kb3 Rc6 33. Kb4 Rxd6 34. a5 Bf7 35. Nb6+ Ke6 36. Rc1 Rd2 37. Rc7 Rxg2 38. Nc8 Bh5 0-1

[Event "BL2-West 9798"]
[Site "Germany"]
[Date "1998.??.??"]
[Round "?.5"]
[White "Lauzeningks, Jan"]
[Black "Treppner, Gerd"]
[Result "1/2-1/2"]
[WhiteElo "2295"]
[BlackElo "2325"]
[PlyCount "95"]
[EventDate "1997.10.??"]
[EventType "team-tourn"]
[EventRounds "9"]
[EventCountry "GER"]
[SourceTitle "EXT 1999"]
[Source "ChessBase"]
[SourceDate "1998.11.16"]
[SourceVersion "1"]
[SourceVersionDate "1998.11.16"]
[SourceQuality "1"]
[WhiteTeam "Wattenscheid"]
[BlackTeam "Schott Mainz"]
[WhiteTeamCountry "GER"]
[BlackTeamCountry "GER"]

1. e4 e5 2. Nf3 Nf6 3. Nc3 Bb4 4. a3 Bxc3 5. dxc3 d6 6. Qe2 Nbd7 7. Nh4 Nc5 8. Nf5 Ne6 9. c4 g6 10. Ng3 h5 11. h4 Nd7 12. Be3 a5 13. Qd2 Ndc5 14. f3 a4 15. 0-0-0 b6 16. Ne2 Nb7 17. Nc3 c6 18. g3 Nec5 19. Be2 Be6 20. Qe1 Qe7 21. Qf1 0-0-0 22. f4 f6 23. Rh2 Kc7 24. Rf2 Rdf8 25. fxe5 fxe5 26. Rxf8 Rxf8 27. Qe1 Qf7 28. Qd2 Qd7 29. Kb1 Bg4 30. Bxg4 hxg4 31. Qe2 Qe6 32. Rf1 Rxf1+ 33. Qxf1 Na5 34. Bxc5 bxc5 35. Nxa4 Qxc4 36. Qxc4 Nxc4 37. Kc1 Ne3 38. Nc3 d5 39. exd5 cxd5 40. Ne2 Kc6 41. Kd2 Nc4+ 42. Kc3 Nd6 43. b3 d4+ 44. Kd3 c4+ 45. bxc4 Kc5 46. Nc1 e4+ 47. Ke2 Kxc4 48. Kd2 1/2-1/2

[Event "BL2-West 9798"]
[Site "Germany"]
[Date "1997.??.??"]
[Round "?.6"]
[White "Treppner, Gerd"]
[Black "Kamp, Christoph"]
[Result "1/2-1/2"]
[WhiteElo "2325"]
[BlackElo "2315"]
[PlyCount "41"]
[EventDate "1997.10.??"]
[EventType "team-tourn"]
[EventRounds "9"]
[EventCountry "GER"]
[SourceTitle "EXT 1999"]
[Source "ChessBase"]
[SourceDate "1998.11.16"]
[SourceVersion "1"]
[SourceVersionDate "1998.11.16"]
[SourceQuality "1"]
[WhiteTeam "Schott Mainz"]
[BlackTeam "Muenster"]
[WhiteTeamCountry "GER"]
[BlackTeamCountry "GER"]

1. d4 e6 2. Nf3 d5 3. c4 c6 4. Qc2 Bd6 5. Bg5 Ne7 6. e3 Nd7 7. Nc3 h6 8. Bh4 f5 9. cxd5 cxd5 10. Nb5 Nf6 11. Bd3 0-0 12. Nxd6 Qxd6 13. 0-0 Nc6 14. Bg3 Qd8 15. a3 Ne4 16. Bxe4 fxe4 17. Ne5 Bd7 18. Rfc1 Rc8 19. Qb3 Nxe5 20. Bxe5 Rxc1+ 21. Rxc1 1/2-1/2

[Event "BL2-West 9697"]
[Site "Germany"]
[Date "1997.??.??"]
[Round "?.6"]
[White "Treppner, Gerd"]
[Black "Kotter, Ralf"]
[Result "1-0"]
[WhiteElo "2320"]
[BlackElo "2300"]
[PlyCount "55"]
[EventDate "1996.10.??"]
[EventType "team-tourn"]
[EventRounds "9"]
[EventCountry "GER"]
[SourceTitle "GER-chT2"]
[Source "ChessBase"]
[SourceDate "1999.07.01"]
[SourceVersion "1"]
[SourceVersionDate "1999.07.01"]
[SourceQuality "1"]
[WhiteTeam "Schott Mainz"]
[BlackTeam "Herne Sodingen"]
[WhiteTeamCountry "GER"]
[BlackTeamCountry "GER"]

1. d4 Nf6 2. Bg5 Ne4 3. Bf4 d5 4. f3 Nf6 5. Nc3 e6 6. e4 Bb4 7. a3 Bxc3+ 8. bxc3 dxe4 9. Bg5 h6 10. Bh4 Qd5 11. Bxf6 gxf6 12. Qd2 c5 13. Be2 cxd4 14. cxd4 Nc6 15. c3 Rg8 16. Kf2 e5 17. fxe4 Qxe4 18. Nf3 Qf5 19. Rhe1 Qg4 20. g3 e4 21. Kg1 Be6 22. d5 0-0-0 23. Nd4 Qh4 24. dxc6 Rxg3+ 25. Kh1 Bd5 26. Nf5 Qh3 27. Ne7+ Kc7 28. Qf4+ 1-0

[Event "BL2-West 9798"]
[Site "Germany"]
[Date "1997.??.??"]
[Round "?.3"]
[White "Treppner, Gerd"]
[Black "Seul, Georg"]
[Result "1/2-1/2"]
[WhiteElo "2325"]
[BlackElo "2425"]
[PlyCount "50"]
[EventDate "1997.10.??"]
[EventType "team-tourn"]
[EventRounds "9"]
[EventCountry "GER"]
[SourceTitle "EXT 1999"]
[Source "ChessBase"]
[SourceDate "1998.11.16"]
[SourceVersion "1"]
[SourceVersionDate "1998.11.16"]
[SourceQuality "1"]
[WhiteTeam "Schott Mainz"]
[BlackTeam "Godesberg"]
[WhiteTeamCountry "GER"]
[BlackTeamCountry "GER"]

1. d4 d6 2. Nc3 g6 3. e4 Bg7 4. g3 Nf6 5. Bg2 0-0 6. Nge2 Nbd7 7. 0-0 e5 8. h3 c6 9. Be3 Qc7 10. a4 b6 11. Qd2 exd4 12. Nxd4 Bb7 13. Bh6 a6 14. Bxg7 Kxg7 15. Rad1 Rad8 16. Qg5 Kh8 17. Rfe1 b5 18. axb5 cxb5 19. Rd2 Rde8 20. Rde2 Re5 21. Qd2 Rfe8 22. Nf3 Rc5 23. Rd1 d5 24. exd5 Rxe2 25. Qxe2 b4 1/2-1/2

[Event "BL2-West 9697"]
[Site "Germany"]
[Date "1997.??.??"]
[Round "?.5"]
[White "Treppner, Gerd"]
[Black "Thiel, Thomas"]
[Result "1/2-1/2"]
[WhiteElo "2320"]
[BlackElo "2315"]
[PlyCount "20"]
[EventDate "1996.10.??"]
[EventType "team-tourn"]
[EventRounds "9"]
[EventCountry "GER"]
[SourceTitle "GER-chT2"]
[Source "ChessBase"]
[SourceDate "1999.07.01"]
[SourceVersion "1"]
[SourceVersionDate "1999.07.01"]
[SourceQuality "1"]
[WhiteTeam "Schott Mainz"]
[BlackTeam "Plettenberg"]
[WhiteTeamCountry "GER"]
[BlackTeamCountry "GER"]

1. d4 d5 2. Nf3 Nc6 3. Bf4 Bg4 4. e3 e6 5. c4 Bb4+ 6. Nc3 Nf6 7. h3 Bh5 8. Rc1 0-0 9. Be2 dxc4 10. Bxc4 Bd6 1/2-1/2

[Event "Oberliga Sued W 9596"]
[Site "Germany"]
[Date "1996.??.??"]
[Round "?"]
[White "Treppner, Gerd"]
[Black "Behling, Robert"]
[Result "1/2-1/2"]
[WhiteElo "2315"]
[BlackElo "2290"]
[PlyCount "79"]
[EventDate "1995.10.??"]
[EventType "team"]
[EventRounds "9"]
[EventCountry "GER"]
[SourceTitle "EXT 2000"]
[Source "ChessBase"]
[SourceDate "1999.11.16"]
[SourceVersion "1"]
[SourceVersionDate "1999.11.16"]
[SourceQuality "1"]

1. c4 Nf6 2. Nc3 g6 3. e4 d6 4. g3 c5 5. Bg2 Bg7 6. Nge2 Nc6 7. 0-0 0-0 8. d3 a6 9. h3 Rb8 10. a4 Ne8 11. Be3 e5 12. f4 exf4 13. gxf4 Nc7 14. d4 cxd4 15. Nxd4 Qf6 16. Nde2 b5 17. axb5 axb5 18. Nd5 Nxd5 19. cxd5 Nd8 20. Bd4 Qe7 21. Bxg7 Kxg7 22. Qd4+ f6 23. b4 Nf7 24. Ra7 Bd7 25. Rc1 Rfc8 26. Rcc7 Rxc7 27. Rxc7 Rc8 28. Qc3 Rxc7 29. Qxc7 f5 30. Ng3 h5 31. Qc3+ Kh7 32. exf5 Bxf5 33. Nxf5 gxf5 34. Kh2 Qh4 35. Qg3 Qf6 36. Qd3 Kg6 37. Qg3+ Kh7 38. Qd3 Kg6 39. Qg3+ Kh7 40. Qd3 1/2-1/2

[Event "BL2-Ost 9495"]
[Site "Germany"]
[Date "1995.??.??"]
[Round "4.3"]
[White "Treppner, Gerd"]
[Black "Stettler, Michael"]
[Result "1/2-1/2"]
[WhiteElo "2310"]
[BlackElo "2370"]
[PlyCount "51"]
[EventDate "1994.10.??"]
[EventType "team-tourn"]
[EventRounds "9"]
[EventCountry "GER"]
[SourceTitle "GER-chT2"]
[Source "ChessBase"]
[SourceDate "1999.07.01"]
[SourceVersion "1"]
[SourceVersionDate "1999.07.01"]
[SourceQuality "1"]
[WhiteTeam "Schott Mainz"]
[BlackTeam "Leipzig Lok"]
[WhiteTeamCountry "GER"]
[BlackTeamCountry "GER"]

1. c4 e6 2. Nc3 c5 3. Nf3 Nf6 4. e4 Nc6 5. Be2 d5 6. exd5 exd5 7. d4 Be7 8. Be3 cxd4 9. Nxd4 Nxd4 10. Qxd4 dxc4 11. Qxd8+ Bxd8 12. Bxc4 0-0 13. 0-0 Bd7 14. Rfd1 a6 15. Nd5 Be6 16. Rac1 Rc8 17. Nxf6+ Bxf6 18. Bxe6 fxe6 19. b3 Rfd8 20. Rxd8+ Rxd8 21. Kf1 Rd7 22. Ke2 Kf7 23. Rc8 g6 24. Bb6 Be5 25. h3 h5 26. Rd8 1/2-1/2

[Event "Oberliga Sued W 9596"]
[Site "Germany"]
[Date "1995.??.??"]
[Round "?"]
[White "Wehbe, Ricardo"]
[Black "Treppner, Gerd"]
[Result "1/2-1/2"]
[WhiteElo "2255"]
[BlackElo "2315"]
[PlyCount "98"]
[EventDate "1995.10.??"]
[EventType "team"]
[EventRounds "9"]
[EventCountry "GER"]
[SourceTitle "EXT 2000"]
[Source "ChessBase"]
[SourceDate "1999.11.16"]
[SourceVersion "1"]
[SourceVersionDate "1999.11.16"]
[SourceQuality "1"]

1. Nf3 Nf6 2. d4 g6 3. c4 d6 4. Nc3 Nbd7 5. e4 e5 6. Be2 Bg7 7. 0-0 0-0 8. d5 Nc5 9. Qc2 a5 10. Bg5 h6 11. Bh4 g5 12. Bg3 Nh5 13. Nd2 Nf4 14. b3 f5 15. f3 Nxe2+ 16. Nxe2 f4 17. Bf2 h5 18. a3 g4 19. b4 Na6 20. Qc3 Bf6 21. Kh1 Rf7 22. c5 Bh4 23. Bxh4 Qxh4 24. Ng1 Qe7 25. Nc4 axb4 26. axb4 Rb8 27. Rfc1 Rg7 28. cxd6 cxd6 29. b5 Nc7 30. Qb4 Ne8 31. Ra2 h4 32. fxg4 Bxg4 33. h3 Bh5 34. Nb6 Qd8 35. Nc4 Rc8 36. Rac2 Rgc7 37. Qb3 Nf6 38. Nd2 Bg6 39. Qd3 Rxc2 40. Rxc2 Rxc2 41. Qxc2 Kg7 42. Qc4 Qa5 43. Ngf3 Nh5 44. Qc8 Ng3+ 45. Kh2 Qa1 46. Qxb7+ Bf7 47. Ng1 Qe1 48. Ndf3 Nf1+ 49. Kh1 Ng3+ 1/2-1/2

[Event "BL2-West 9394"]
[Site "Germany"]
[Date "1994.??.??"]
[Round "?.3"]
[White "Karkanaque, Ilir"]
[Black "Treppner, Gerd"]
[Result "1/2-1/2"]
[WhiteElo "2355"]
[BlackElo "2310"]
[PlyCount "206"]
[EventDate "1993.10.??"]
[EventType "team-tourn"]
[EventRounds "9"]
[EventCountry "GER"]
[SourceTitle "GER-chT2"]
[Source "ChessBase"]
[SourceDate "1999.07.01"]
[SourceVersion "1"]
[SourceVersionDate "1999.07.01"]
[SourceQuality "1"]
[WhiteTeam "Saarbruecken"]
[BlackTeam "Schott Mainz"]
[WhiteTeamCountry "GER"]
[BlackTeamCountry "GER"]

1. d4 Nf6 2. c4 d6 3. Nc3 e5 4. dxe5 dxe5 5. Qxd8+ Kxd8 6. Bg5 c6 7. 0-0-0+ Kc7 8. Nf3 Nbd7 9. Bxf6 gxf6 10. e3 Nc5 11. Nd2 Bf5 12. Nb3 Ne4 13. Nxe4 Bxe4 14. Nd2 Bg6 15. Nf3 Be7 16. Be2 Rhg8 17. g4 Be4 18. Rhg1 Rad8 19. Nd2 Bg6 20. e4 Bb4 21. f3 h5 22. h3 hxg4 23. hxg4 Rh8 24. Nb3 Rh2 25. Rxd8 Kxd8 26. Kd1 Bf8 27. Kd2 Bh6+ 28. Kd3 Kc7 29. Nd2 Bf4 30. c5 b5 31. b4 Rh8 32. Nb3 Rh2 33. Ra1 a6 34. a4 Kb7 35. axb5 axb5 36. Ra2 Rh1 37. Kc3 Re1 38. Bd3 Re3 39. Rf2 Bg3 40. Rf1 Re1 41. Kd2 Rxf1 42. Bxf1 Kc7 43. Bd3 Bh7 44. Ke2 Bf4 45. Na1 Bg6 46. Nc2 Bc1 47. Kd1 Bb2 48. Kd2 Kd7 49. Ne1 Ba3 50. Kc3 Bc1 51. Nc2 Kc7 52. Be2 Bh7 53. Kb3 Kb7 54. Na3 Ka6 55. Nb1 Bg5 56. Nc3 Bg6 57. Na4 Kb7 58. Nc3 Ka6 59. Kc2 Bh7 60. Bd3 Bg6 61. Bf1 Bh7 62. Kb3 Bg6 63. Kb2 Bh7 64. Be2 Bg6 65. Bd1 Kb7 66. Bb3 Bd2 67. Kc2 Be1 68. Na2 Kc7 69. Kd1 Bf2 70. Nc3 Kb7 71. Kd2 Bh4 72. Bc2 Bg5+ 73. Kd1 Be3 74. Bd3 Ka6 75. Bxb5+ cxb5 76. Nd5 Bh6 77. Nc7+ Kb7 78. Nxb5 Kc6 79. Nc3 Be3 80. Ke2 Bd4 81. Nd5 Kb5 82. Kd3 Bf2 83. Nc3+ Kxb4 84. c6 Bb6 85. Nd5+ Kc5 86. c7 Bxc7 87. Nxc7 Kd6 88. Nb5+ Kc5 89. Nc3 Bh7 90. Nd1 Bg6 91. Kc3 Bh7 92. Ne3 Bg6 93. Kd3 Bh7 94. Ke2 Bg6 95. Kf2 Kd4 96. Nc2+ Kc3 97. Ne3 Kd4 98. Nf1 Bxe4 99. fxe4 Kxe4 100. Ne3 Kf4 101. Ke2 Kg3 102. Kd2 Kf4 103. Ke2 Kg3 1/2-1/2

[Event "Finkenstein op"]
[Site "Finkenstein"]
[Date "1994.??.??"]
[Round "?"]
[White "Treppner, Gerd"]
[Black "Grom, Waldemar"]
[Result "1-0"]
[WhiteElo "2310"]
[BlackElo "2020"]
[PlyCount "55"]
[EventDate "1994.??.??"]
[EventType "swiss"]
[EventRounds "9"]
[EventCountry "AUT"]
[SourceTitle "EXT 1997"]
[Source "ChessBase"]
[SourceDate "1996.11.15"]
[SourceVersion "1"]
[SourceVersionDate "1996.11.15"]
[SourceQuality "1"]

1. c4 c6 2. d4 d5 3. Nf3 Nf6 4. Nc3 e6 5. cxd5 cxd5 6. Bf4 Bd6 7. e3 Bxf4 8. exf4 0-0 9. Bd3 Nc6 10. 0-0 h6 11. Rc1 Qd6 12. Qd2 a6 13. Bb1 b5 14. Ne5 Bb7 15. a3 Ne7 16. f3 Nd7 17. Na2 Nb6 18. Qc2 Rfc8 19. Qh7+ Kf8 20. Qh8+ Ng8 21. Bh7 Ke7 22. Qxg7 Rf8 23. Bxg8 Nd7 24. Ng6+ Kd8 25. Nxf8 Qxf8 26. Qxf8+ Nxf8 27. Bxf7 Kd7 28. Nb4 1-0

[Event "BL2-West 9394"]
[Site "Germany"]
[Date "1993.??.??"]
[Round "?.2"]
[White "Paehtz, Thomas Sr"]
[Black "Treppner, Gerd"]
[Result "0-1"]
[WhiteElo "2480"]
[BlackElo "2310"]
[PlyCount "114"]
[EventDate "1993.10.??"]
[EventType "team-tourn"]
[EventRounds "9"]
[EventCountry "GER"]
[SourceTitle "GER-chT2"]
[Source "ChessBase"]
[SourceDate "1999.07.01"]
[SourceVersion "1"]
[SourceVersionDate "1999.07.01"]
[SourceQuality "1"]
[WhiteTeam "Duisburg"]
[BlackTeam "Schott Mainz"]
[WhiteTeamCountry "GER"]
[BlackTeamCountry "GER"]

1. d4 Nf6 2. c4 d6 3. Nc3 e5 4. d5 Nbd7 5. e4 Nc5 6. f3 a5 7. Be3 Be7 8. Qd2 0-0 9. Nge2 Ne8 10. g4 h6 11. Ng3 Bg5 12. Nf5 Bxf5 13. Bxg5 Qxg5 14. Qxg5 hxg5 15. gxf5 Nf6 16. Rg1 Nh7 17. Nb5 Rac8 18. f6 gxf6 19. Bh3 Rcd8 20. Nxc7 Kg7 21. Bf5 Rh8 22. Kd2 Nf8 23. h3 Ng6 24. Rab1 Nh4 25. Bg4 f5 26. Bxf5 Nxf3+ 27. Ke3 Nxg1 28. Rxg1 Kf6 29. b3 Rh4 30. Bg4 Ke7 31. Nb5 Na6 32. Nc3 Rdh8 33. Rg3 Nc5 34. Kf2 Nd7 35. Bf5 Rg8 36. Rd3 b6 37. Re3 Nc5 38. Ne2 Rb8 39. Bg4 Rbh8 40. Ng3 Rxg4 41. Nf5+ Kd7 42. hxg4 Rh2+ 43. Ke1 Rxa2 44. Rh3 Nxe4 45. Rh7 Rb2 46. Rxf7+ Kc8 47. Ne7+ Kd8 48. Nc6+ Ke8 49. Rf3 Rg2 50. Rh3 Rg3 51. Rh8+ Kf7 52. Rh7+ Kg8 53. Rb7 Rxb3 54. Ne7+ Kf8 55. Nc8 a4 56. Nxb6 Kg8 57. Rb8+ Kg7 0-1

[Event "Goch op 03rd"]
[Site "Goch"]
[Date "1992.??.??"]
[Round "7"]
[White "Mueller, M."]
[Black "Treppner, Gerd"]
[Result "1/2-1/2"]
[WhiteElo "2180"]
[BlackElo "2320"]
[PlyCount "55"]
[EventDate "1992.10.??"]
[EventType "swiss"]
[EventRounds "7"]
[EventCountry "GER"]
[SourceTitle "EXT 1998"]
[Source "ChessBase"]
[SourceDate "1997.11.17"]
[SourceVersion "1"]
[SourceVersionDate "1997.11.17"]
[SourceQuality "1"]

1. d4 Nf6 2. Nf3 g6 3. c4 Bg7 4. Nc3 d6 5. e4 0-0 6. h3 e5 7. d5 a5 8. g4 Na6 9. Be2 c6 10. Be3 Ne8 11. Rg1 Kh8 12. Qd2 f5 13. gxf5 gxf5 14. Bh6 Nc5 15. dxc6 fxe4 16. Bxg7+ Nxg7 17. Ng5 bxc6 18. Ngxe4 Nxe4 19. Nxe4 Nf5 20. 0-0-0 Nd4 21. Qe3 c5 22. Bd3 Bf5 23. f4 Qe7 24. Nc3 Bxd3 25. Rxd3 Rg8 26. Re1 Rae8 27. fxe5 Qg7 28. Qd2 1/2-1/2

[Event "Cappelle op 08th"]
[Site "Cappelle la Grande"]
[Date "1992.??.??"]
[Round "7"]
[White "Szekely, Peter"]
[Black "Treppner, Gerd"]
[Result "1-0"]
[WhiteElo "2450"]
[BlackElo "2330"]
[PlyCount "79"]
[EventDate "1992.02.??"]
[EventType "swiss"]
[EventRounds "9"]
[EventCountry "FRA"]
[SourceTitle "EXT 1997"]
[Source "ChessBase"]
[SourceDate "1996.11.15"]
[SourceVersion "1"]
[SourceVersionDate "1996.11.15"]
[SourceQuality "1"]

1. Nf3 Nf6 2. c4 d6 3. g3 e5 4. Bg2 g6 5. Nc3 Bg7 6. d4 Nbd7 7. 0-0 0-0 8. e4 c6 9. Rb1 a6 10. h3 b5 11. c5 dxc5 12. dxe5 Ne8 13. Bg5 f6 14. exf6 Bxf6 15. Bh6 Bg7 16. Bxg7 Nxg7 17. e5 Nb6 18. Ne4 Bf5 19. Nf6+ Rxf6 20. exf6 Bxb1 21. f7+ Kxf7 22. Ne5+ Kg8 23. Qxb1 Qg5 24. Nxc6 Re8 25. Re1 Rf8 26. Qc2 c4 27. b3 Qf6 28. Re2 Kh8 29. Kh2 Nf5 30. Qe4 cxb3 31. axb3 Nd7 32. Qd5 Qf7 33. Qd1 Nf6 34. Ne5 Qg7 35. Qd2 Re8 36. Kg1 Qc7 37. Qb2 Qg7 38. g4 Nd6 39. Qd4 Re6 40. Nxg6+ 1-0

[Event "Goch op 03rd"]
[Site "Goch"]
[Date "1992.??.??"]
[Round "6"]
[White "Treppner, Gerd"]
[Black "Maes, Valeer"]
[Result "1-0"]
[WhiteElo "2320"]
[BlackElo "2100"]
[PlyCount "41"]
[EventDate "1992.10.??"]
[EventType "swiss"]
[EventRounds "7"]
[EventCountry "GER"]
[SourceTitle "EXT 1998"]
[Source "ChessBase"]
[SourceDate "1997.11.17"]
[SourceVersion "1"]
[SourceVersionDate "1997.11.17"]
[SourceQuality "1"]

1. d4 e6 2. e4 d5 3. Nc3 Nc6 4. Nf3 Nf6 5. Bg5 Be7 6. Bxf6 Bxf6 7. Bb5 0-0 8. 0-0 dxe4 9. Nxe4 Bd7 10. Re1 a6 11. Bf1 Bc8 12. c3 b6 13. Qc2 Bb7 14. Rad1 g6 15. d5 exd5 16. Rxd5 Nb4 17. Rxd8 Nxc2 18. Nxf6+ Kg7 19. Rxf8 Nxe1 20. Rxa8 Nxf3+ 21. gxf3 1-0

[Event "Wattens op 07th"]
[Site "Wattens"]
[Date "1992.??.??"]
[Round "7"]
[White "Treppner, Gerd"]
[Black "Schwartzman, Gabriel"]
[Result "0-1"]
[WhiteElo "2230"]
[BlackElo "2340"]
[PlyCount "110"]
[EventDate "1992.??.??"]
[EventType "swiss"]
[EventRounds "9"]
[EventCountry "AUT"]
[SourceTitle "EXT 1997"]
[Source "ChessBase"]
[SourceDate "1996.11.15"]
[SourceVersion "1"]
[SourceVersionDate "1996.11.15"]
[SourceQuality "1"]

1. d4 d5 2. Nf3 Nf6 3. c4 c6 4. Nc3 dxc4 5. a4 Bf5 6. e3 e6 7. Bxc4 Bb4 8. 0-0 Nbd7 9. Nh4 Bg6 10. g3 Qb6 11. Bd2 a5 12. Qb3 Bh5 13. f3 0-0 14. g4 Bg6 15. Rad1 Rad8 16. Ng2 e5 17. Ne2 Bxd2 18. Rxd2 Qxb3 19. Bxb3 Nc5 20. Bc2 e4 21. f4 Nxg4 22. f5 Bh5 23. Ng3 Nf6 24. Nxh5 Nxh5 25. Rdd1 Nd3 26. Bxd3 exd3 27. Rxd3 Nf6 28. Nf4 Rfe8 29. Kg2 Ng4 30. Rf3 Re7 31. h3 Nf6 32. Rb3 Ne4 33. Rd3 g5 34. fxg6 hxg6 35. Ne2 Nd6 36. b3 Nf5 37. Kf2 b5 38. Nc3 b4 39. Ne2 c5 40. Ng3 Nd6 41. dxc5 Ne4+ 42. Ke2 Rxd3 43. Kxd3 Nxc5+ 44. Kc4 Rc7 45. Ne2 Nxa4+ 46. Kb5 Nc3+ 47. Kb6 Rc8 48. Nd4 Ra8 49. Kc5 Ne4+ 50. Kb5 Nc3+ 51. Kc5 Re8 52. Nc6 Ne4+ 53. Kb5 Nd2 54. Rg3 Nxb3 55. Ka4 Nc5+ 0-1

[Event "Goch op 03rd"]
[Site "Goch"]
[Date "1992.??.??"]
[Round "4"]
[White "Treppner, Gerd"]
[Black "Zieglow, Reinhold"]
[Result "1-0"]
[WhiteElo "2320"]
[BlackElo "1945"]
[PlyCount "67"]
[EventDate "1992.10.??"]
[EventType "swiss"]
[EventRounds "7"]
[EventCountry "GER"]
[SourceTitle "EXT 1998"]
[Source "ChessBase"]
[SourceDate "1997.11.17"]
[SourceVersion "1"]
[SourceVersionDate "1997.11.17"]
[SourceQuality "1"]

1. d4 e6 2. e4 d5 3. Nc3 Nf6 4. Bg5 dxe4 5. Nxe4 Be7 6. Bxf6 Bxf6 7. Nf3 Bd7 8. Bc4 0-0 9. Qe2 a6 10. 0-0-0 Bb5 11. d5 exd5 12. Nxf6+ Qxf6 13. Rxd5 Nc6 14. Kb1 Rfe8 15. Qf1 Qf4 16. Bxb5 axb5 17. Qxb5 Ra5 18. Qb3 Rxd5 19. Qxd5 Nb4 20. Qd4 Qxd4 21. Nxd4 c5 22. Nf3 Kf8 23. Re1 Rd8 24. a3 Nc6 25. c3 f6 26. Kc2 Kf7 27. Re2 Na5 28. b4 cxb4 29. axb4 Nc6 30. Rd2 Ke6 31. Rxd8 Nxd8 32. Kd3 Kd6 33. Kc4 Ne6 34. Nd4 1-0

[Event "Wattens op 05th"]
[Site "Wattens"]
[Date "1990.07.26"]
[Round "6"]
[White "Treppner, Gerd"]
[Black "Komarov, Dimitri"]
[Result "1/2-1/2"]
[WhiteElo "2325"]
[BlackElo "2425"]
[PlyCount "71"]
[EventDate "1990.07.21"]
[EventType "swiss"]
[EventRounds "9"]
[EventCountry "AUT"]
[SourceTitle "EXT 2006"]
[Source "ChessBase"]
[SourceDate "2005.11.24"]
[SourceVersion "1"]
[SourceVersionDate "2005.11.24"]
[SourceQuality "1"]

1. d4 Nf6 2. Nc3 d5 3. Bg5 Nbd7 4. f3 c5 5. e4 cxd4 6. Bxf6 exf6 7. Qxd4 Bc5 8. Qxd5 Qb6 9. 0-0-0 Bxg1 10. Bb5 Be3+ 11. Kb1 0-0 12. Bxd7 Rd8 13. Qb5 Bxd7 14. Rxd7 Qxb5 15. Rxd8+ Rxd8 16. Nxb5 Rd2 17. g3 h5 18. a4 Rf2 19. Nd6 b6 20. b4 Rxf3 21. Rd1 Rf2 22. Nc4 Re2 23. Kb2 Bf2 24. Rd8+ Kh7 25. Rd2 Rxe4 26. Rxf2 Rxc4 27. Kb3 Rc7 28. c4 Kg6 29. Rc2 Kf5 30. c5 bxc5 31. bxc5 Ke6 32. Kc4 Kd7 33. Kd5 Rc6 34. Rb2 Kc7 35. Re2 Re6 36. Rxe6 1/2-1/2

[Event "Wattens op 05th"]
[Site "Wattens"]
[Date "1990.07.25"]
[Round "5"]
[White "Treppner, Gerd"]
[Black "Haba, Petr"]
[Result "1/2-1/2"]
[WhiteElo "2325"]
[BlackElo "2435"]
[PlyCount "87"]
[EventDate "1990.07.21"]
[EventType "swiss"]
[EventRounds "9"]
[EventCountry "AUT"]
[SourceTitle "EXT 2006"]
[Source "ChessBase"]
[SourceDate "2005.11.24"]
[SourceVersion "1"]
[SourceVersionDate "2005.11.24"]
[SourceQuality "1"]

1. d4 d5 2. Nf3 Nf6 3. e3 c6 4. Nbd2 Bf5 5. Bd3 e6 6. Ne5 Nbd7 7. f4 Bxd3 8. cxd3 c5 9. Ndf3 cxd4 10. exd4 Be7 11. 0-0 0-0 12. Bd2 Nxe5 13. fxe5 Nd7 14. Rc1 Qb6 15. Qa4 Nb8 16. b4 a6 17. b5 Qxb5 18. Qxb5 axb5 19. Rc7 Nc6 20. Rxb7 Rfb8 21. Rxb8+ Rxb8 22. Rc1 Rb6 23. Kf2 Kf8 24. g4 Ke8 25. h4 Kd7 26. Rb1 Rb8 27. h5 h6 28. Kg3 Kc7 29. g5 hxg5 30. Bxg5 Bb4 31. Be3 Ra8 32. Ng5 Rxa2 33. Rf1 Kb6 34. Rxf7 Be1+ 35. Kh3 Re2 36. Bc1 Bd2 37. Bxd2 Rxd2 38. Rxg7 b4 39. Nxe6 Rxd3+ 40. Rg3 Rd1 41. Kg2 Rd2+ 42. Kh3 Rd1 43. Kg2 Rd2+ 44. Kh3 1/2-1/2